00782nam a22002535a 450000500170000000800410001701000140005802000260007203500130009803500170011103700150012803700080014304000180015108200110016910000170018024500660019726000350026327000590029830000410035749000360039850000430043450000190047771000320049620090820152614.0090106s2008 ii ab b 001 0 eng  aENG-94767 a9788189487485c275.00 aEN-78300 aB-361265-271 bDBAD / PUB bPUB adplbEnglish  a954.02 aHabib, Irfan aTechnology in medieval India :bc. 650-1750 /cby Irfan Habib aNew Delhi bTulika Booksc2008 a35 A/1 (third floor), Shahpur Jat,bNew Delhi e110049 axi, 139p. :bill., maps ;c25cm(Hb)  aPeople's history of India ;v20 aCopyright: Aligarh Historians Society. aIncludes index aAligarh Historians Society.